000 00260nam a22001217a 4500
008 180820b xxu||||| |||| 00| 0 eng d
041 _aeng
080 _a316
100 _a50
101 _aSOC
245 _aAMERICAN SOCIETY
_cMARTINDALE.D
942 _2udc
_cBK
999 _c47215
_d47215